1744 1077 1412 1322 1736 1765 1568 1824 1648 1035 1784 1262 1562 1901 1897 1640 1289 1522 1219 1088 1279 1653 1019 1696 1148 1937 1822 1386 1901 1276 1091 1436 1635 1083 1802 1808 1025 1929 1938 1712 1356 1017 1848 1562 1690 1545 1755 1162 1940 1243 1417 1823 1512 1487 1376 1535 1846 1911 1956 1442 1310 1428 1969 1455 1837 1649 1749 1696 1222 1710 1380 1331 1797 1921 1715 1399 1349 1090 1417 1224 1242 1507 1344 1252 1385 1164 1205 1993 1738 1755 1274 1478 1980 1941 1113 1651 1037 1347 1361 BCNSPRNW ULIB Ver.6.0+V

เปลี่ยนเป็นภาษาไทย

Change to English
 แสดงรายละเอียดบรรณานุกรม
  กลับหน้าหลัก

Brief Record : Get Marc (ISO 2709) : E-mail record : QR code < ปิดหน้าต่าง
LEADER : 00000nam 2200000uu 4500
001    13399111861
003     ULIB
008    110627s2551||||th 000 0 tha d
020    9789740485797
090    นว.^bอ543S 2551
100 0  อันโตนิโอ
245 00 Serenade...2/^cอันโตนิโอ
250    พิมพ์ครั้งที่ 1
260    กรุงเทพฯ :^bศรีสยามการพิมพ์,^c2551
300    366 หน้า
945    ^p220^l0^i023609
995    ทศพร
999 ^a ใช้งานได้ทุกระบบ
รายการนี้ยังไม่มีแท็ก
คุณยังไม่ได้ล็อกอิน คุณสามารถมีกิจกรรมร่วมกับเว็บไซต์ได้ แต่ต้องล็อกอินก่อน ::
  ล็อกอิน

รายการสื่อสารสนเทศ

ลำดับที่ ประเภท เลขเรียก/บาร์โค้ด สถานที่ สถานะ
- ไม่พบข้อมูล -

BibComment


ยังไม่เคยถูกคอมเมนท์

คอมเมนท์ทรัพยากรรายการนี้
  คอมเมนท์: Serenade2 อันโตนิโอ


 Copyright 2026. Bcnsprnw @Library